000 00466nam a22001817a 4500
999 _c525284
_d525284
003 NUST
020 _a9789695930250
038 _awaseem
082 _a923.5
_bLAB
100 _aLabib, Adnan
_916023
245 _aDastan-e-Shujat /
_cAdnan Labib
260 _aLahore :
_bSanjh Publications,
_c2011.
300 _a290 p. ;
500 _aHardcover.
880 _6100-01\r
_aعدنان لبیب
880 _6245-02\r
_aداستانِ شجاعت /
942 _2ddc
_cBK